[Event "Crema op 16th"]
[Site "Crema"]
[Date "2015.09.05"]
[Round "4"]
[White "Goldoni, Claudio"]
[Black "Castrogiovanni, Carlo"]
[Result "0-1"]
[WhiteElo "2071"]
[BlackElo "1956"]
[PlyCount "91"]
[EventDate "2015.09.04"]
[EventType "swiss"]
[EventRounds "6"]
[EventCountry "ITA"]
[SourceTitle "EXT 2024"]
[Source "ChessBase"]
[SourceDate "2023.10.10"]
[SourceVersion "1"]
[SourceVersionDate "2023.10.10"]
[SourceQuality "1"]

1. e4 c5 2. Nf3 a6 3. c4 Nc6 4. d4 cxd4 5. Nxd4 Nf6 6. Nc3 e5 7. Nf5 d5 8. cxd5 Bxf5 9. exf5 Nd4 10. g4 Nxd5 11. Bg2 Nxc3 12. bxc3 Nc6 13. Qa4 Qc7 14. Rb1 Rc8 15. 0-0 Be7 16. Be3 0-0 17. Rb6 Nd8 18. Rb3 Bc5 19. Bxc5 Qxc5 20. Rd1 Qc4 21. Qxc4 Rxc4 22. h3 Rc7 23. Rd6 Nc6 24. Bxc6 bxc6 25. Rb6 f6 26. Rxa6 c5 27. Kf1 Rb8 28. Ke2 Rb2+ 29. Rd2 Rb1 30. a4 Rb3 31. Rc2 Kf7 32. Kd3 c4+ 33. Ke4 Rd7 34. Rc6 Ra3 35. Rxc4 Ra1 36. Rb2 Re1+ 37. Kf3 h5 38. gxh5 Ke7 39. Ra2 Rd3+ 40. Kg2 e4 41. a5 Rdd1 42. Kg3 Rd3+ 43. Kg2 Rdd1 44. f3 Rg1+ 45. Kh2 Rgf1 46. Kg2 0-1